Exaktnosť fyziky a práva

Bibliographic Details
Format: Article
Language:Slovak
ISSN:1210-1605
Subjects:

MARC

LEADER 00000nab a2200000 a 4500
001 vtls008835990
003 SK-MaSNL
005 20260304134609.0
008 250505c2001 xo qr|p|||||||000 b|slo
015 |a SNBRB2006/08 
035 |a (uuid)4fe329da-877c-40dd-9546-fcc3ac103cbb 
035 |a urn:nbn:sk:snk-abc0lt 
035 |a (urnnbn)urn:nbn:sk:snk:ar-000mes 
038 |a SNKBUCL 
040 |a SNKBUCL  |b slo  |c SNKBUCL  |e AACR2 
041 0 |a slo 
044 |a xo  |c SK 
080 |a 34-051  |2 1997 
080 |a 001-051  |2 1997 
080 |a 929 Luby, Štefan  |2 1997 
245 0 0 |a Exaktnosť fyziky a práva  |c (bk) 
600 1 7 |a Luby, Štefan,  |d 1910-1976  |2 snkbucl  |9 102955 
600 1 7 |a Luby, Štefan,  |d 1941-  |2 snkbucl  |9 92597 
655 7 |a štúdie  |2 snkbucl  |9 57033 
773 0 |t Duševné vlastníctvo  |g Roč. 5, č. 2 (2001), s. 34-38  |x 1210-1605 
850 |a Slovenská národná knižnica 
852 |a Slovenská národná knižnica 
954 |a odborná, vedecká literatúra pôvodná (slovenská)  |2 lita 
958 |a article15 
958 |a OND 
958 |a SK 
958 |a BX 
958 |a EUIPO 
999 |c 2907331  |d 2909261